SEE YOURSELF IN CYBER : (Record no. 203715)

MARC details
000 -LEADER
fixed length control field 00841nam a2200253 i 4500
003 - CONTROL NUMBER IDENTIFIER
control field OSt
005 - DATE AND TIME OF LATEST TRANSACTION
control field 20260407100041.0
008 - FIXED-LENGTH DATA ELEMENTS--GENERAL INFORMATION
fixed length control field 260407t20242024njua grc 001 0 eng d
020 ## - INTERNATIONAL STANDARD BOOK NUMBER
International Standard Book Number 9781394225590
Terms of availability RM 122.98
Qualifying information hardback
040 ## - CATALOGING SOURCE
Original cataloging agency PPAK
Language of cataloging eng
Transcribing agency PPAK
Description conventions rda
082 04 - DEWEY DECIMAL CLASSIFICATION NUMBER
Edition number 23
Classification number 005.8023
090 00 - LOCALLY ASSIGNED LC-TYPE CALL NUMBER (OCLC); LOCAL CALL NUMBER (RLIN)
Classification number (OCLC) (R) ; Classification number, CALL (RLIN) (NR) 005.8023
Feature heading ADA
Feature heading G
100 1# - MAIN ENTRY--PERSONAL NAME
Personal name Adams, Ed,
Titles and words associated with a name (Cybersecurity expert),
Relator term author.
245 10 - TITLE STATEMENT
Title SEE YOURSELF IN CYBER :
Remainder of title Security Careers Beyond Hacking /
Statement of responsibility, etc. ED ADAMS
264 #1 - PRODUCTION, PUBLICATION, DISTRIBUTION, MANUFACTURE, AND COPYRIGHT NOTICE
Place of production, publication, distribution, manufacture Hoboken, New Jersey :
Name of producer, publisher, distributor, manufacturer John Wiley & Sons, Inc.,
Date of production, publication, distribution, manufacture, or copyright notice 2024
Date of production, publication, distribution, manufacture, or copyright notice ©2024
300 ## - PHYSICAL DESCRIPTION
Extent vii, 246 pages :
Other physical details illustrations ;
Dimensions 24 cm
336 ## - CONTENT TYPE
Content type term text
Source rdacontent
337 ## - MEDIA TYPE
Media type term unmediated
Source rdamedia
338 ## - CARRIER TYPE
Carrier type term volume
Source rdacarrier
500 ## - GENERAL NOTE
General note Includes index.
650 10 - SUBJECT ADDED ENTRY--TOPICAL TERM
Topical term or geographic name entry element Computer security
General subdivision Vocational guidance
942 ## - ADDED ENTRY ELEMENTS (KOHA)
Source of classification or shelving scheme Dewey Decimal Classification
Koha item type Book
Holdings
Withdrawn Not for loan Current library Shelving location Date acquired Total Checkouts Full call number Barcode Date last seen Koha item type
    Perpustakaan Alor Setar Pinjaman Dewasa 08/04/2026   005.8023 ADA A01910078 08/04/2026 Book